| 000 | 00563nam a2200253Ia 4500 | ||
|---|---|---|---|
| 003 | IT-RoPAU | ||
| 008 | 120407s9999 xx 000 0 und d | ||
| 040 | _aIT-RoPAU | ||
| 040 | _cIT-RoPAU | ||
| 041 | _aita | ||
| 100 | _aFeuerbach | ||
| 245 | _aMaterialismo dialettico e materialismo storico. A cura di Cornelio Fabro | ||
| 250 | _aBrescia | ||
| 260 | _aLa Scuola | ||
| 260 | _c1962 | ||
| 300 | _a269 p. | ||
| 300 | _c20,5 cm | ||
| 490 | _v1 | ||
| 600 | _a1. Materialismo | ||
| 700 | _aMarx | ||
| 700 | _aEngels | ||
| 942 | _cBK | ||
| 999 |
_c31005 _d31005 |
||